00414nam a2200181Ia 4500008004100000020001800041050001400059100002000073245002000093245002000113260001500133260001600148260000900164300001400173300002700187300001000214500000800224170918s9999 xx 000 0 und d a9780545545693 bM123 2010 aMcCarthy, Peter aHenry in love / cPeter McCarthy. aNew York : bScholastic, c2010 aunpaged : bcolored illustration ; c23cm. a380